| 000 | 00757cam a2200229 a 4500 | ||
|---|---|---|---|
| 001 | 000014352 | ||
| 005 | 20200929163604.0 | ||
| 008 | 760630s1975 sp 000 0 spa | ||
| 020 | _a8432505145 | ||
| 040 |
_aDO-SdBNP _bspa _cLC _dBNPHU |
||
| 082 |
_a320.946 _bB194c |
||
| 100 | 1 |
_aBalmes, Jaime Luciano, _d1810-1848. _932405 |
|
| 245 | 1 | 0 |
_aConsideraciones políticas sobre la situación de España 1840 / _cJaime Balmes. |
| 260 |
_aMadrid : _bDoncel, _c1975. |
||
| 300 |
_a257 p. ; _c18 cm. |
||
| 490 | 1 |
_aEl Libro de Bolsillo Doncel, _v61 |
|
| 651 | 4 |
_aEspaña _xPolítica Y Gobierno _xSiglo Xx _932406 |
|
| 651 | 4 |
_aEspaña _xHistoria _98844 |
|
| 830 | 0 |
_aEl Libro de Bolsillo Doncel, _v61 _98628 |
|
| 910 | _aCatalogación por copia/LC | ||
| 049 | _aBNGR | ||
| 999 |
_c13944 _d13944 |
||